| 000 | 00797nam a22002177a 4500 | ||
|---|---|---|---|
| 003 | OSt | ||
| 005 | 20250621031439.0 | ||
| 008 | 250619b |||||||| |||| 00| 0 eng d | ||
| 020 | _a978-621-427-223-5 | ||
| 040 |
_aDWCL - Main lib _cOC |
||
| 082 | _aFil. 658.5 G216o 2024 | ||
| 100 | _aGarcia, Lorma S.P. | ||
| 245 |
_aOperations management: _bstrategies and practices for efficiency and excellence/ _cLorma S.P. Garcia [and two others] |
||
| 260 |
_aIntramuros, Manila: _bUnlimited Books Library Services & Publishing Inc., _cc2024. |
||
| 300 |
_axii, 265 pages: _billustrations; _c25cm. |
||
| 504 | _aIncludes glossary and bibliographical references. | ||
| 650 | _a1. Production management. | ||
| 700 | _aBermudez, Neil | ||
| 700 | _aGenorga, Rosemarie | ||
| 942 |
_2ddc _cBK - FIL _kFil. _n0 |
||
| 999 |
_c3151 _d3151 |
||